LEADER 01425nam a2200313 4500 001 000000358634 003 CaOOAMICUS 005 20240618110540.0 008 240612s2023 it a 000 u ita r 020 $a978-88-399-0121-7 040 $aSeMil$bita 130 0 $aBibbia. Nuovo Testamento.$0(OLS)http://semarc/title/436485 240 14$aThe Jewisch annotated New Testament.$0(OLS)http://semarc/title/449023 245 13$aIl Nuovo Testamento letto dagli Ebrei /$cAmy-Jill Levine, Marc Zvi Brettler ; edizione italiana a cura di Flavio Dalla Vecchia. 264 1$aBrescia :$bQueriniana,$c2023. 300 $aXLX, 943 p. :$bill. ;$c25 cm 541 0 $aOmaggio mons. Mario Delpini 650 4$aBibbia - NT - Interpretazione ebraica.$0(OLS)http://semarc/subject/20876 700 1 $aDalla Vecchia, Flavio.$0(OLS)http://semarc/name/94 700 1 $aLevine, Ami-Jill,$d<1956- >.$0(OLS)http://semarc/name/115487 700 1 $aBrettler, Marc Zvi.$0(OLS)http://semarc/name/113914 850 $aSeMil 852 $aSeMil$W1$xVenegono$y1$m2WA E 4$j251315$B249734$CSeMilBibl$Z2$F249734 $81 941 1 $a7 961 $aOmaggio mons. Mario Delpini 996 $6020$a978-88-399-0121-7$9(OLS)http://semarc/number/300551 996 $6245$aIl Nuovo Testamento letto dagli Ebrei$9(OLS)http://semarc/title/449024 996 $6264$aBrescia :$bQueriniana$9(OLS)http://semarc/publisher/29615 LEADER 00900nam a2200229 i 4500 001 000000070864 003 CaOOAMICUS 005 20081002000000.0 008 081002s1966 it u000 u ita u 013 $a42036 040 $aSeMil$bita 100 1 $aRescigno, Pietro <1928- >.$0(OLS)http://semarc/name/35258 245 10$aPersona e comunità :$bsaggi di diritto privato /$cPietro Rescigno. 260 $aBologna :$bIl Mulino,$c[1966] 300 $aX, 478 p. ;$c22 cm. 490 0 $aSaggi ;$v56 650 4$aDiritto privato.$0(OLS)http://semarc/subject/3849 830 0$aSaggi ;$v56.$0(OLS)http://semarc/title/341 850 $aSeMil 852 $aSeMil$W1$xVenegono$y1$m2P III 219$j37017$B37017$CSeMilBibl$Z2$F37020 $81 996 $6245$aPersona e comunità :$bsaggi di diritto privato$9(OLS)http://semarc/title/113851 996 $6260$aBologna :$bIl Mulino$9(OLS)http://semarc/publisher/29842 LEADER 00883nam a2200193 i 4500 001 000000118101 003 CaOOAMICUS 005 20030919000000.0 008 030919s1993 it u000 u mul u 013 $a90794 040 $aSeMil$bita 245 10$aAtti degli Apostoli. Lettere di san Paolo ai Romani, ai Galati, ai Corinzi (1 e 2), agli Efesini, ai Filippesi, ai Colossesi, a Filemone. 300 $a1005 p., c. geogr. 500 $aContiene : Prospetto tematico della Lettera a Filemone. 773 0 $tBibbia di Navarra.$dMilano : Ares, 1994.$w()9954 773 0 $tNuovo Testamento.$w()9955 850 $aSeMil 852 $aSeMil$W1$xVenegono$y1$m602 14 2 *$j73427$B73427$CSeMilBibl$Z2$F76356 $81 996 $6245$aAtti degli Apostoli. Lettere di san Paolo ai Romani, ai Galati, ai Corinzi (1 e 2), agli Efesini, ai Filippesi, ai Colossesi, a Filemone$9(OLS)http://semarc/title/173460